000 00863nam a2200265 i 4500
001 bg
100 1 _aPRZYBYŁOWICZ, Karol
_d(1930- ).
245 1 0 _aRepetytorium z materiałoznawstwa.
_nCz.1,
_pObróbki cieplne i powierzchniowe /
_cKarol Przybyłowicz, Janusz Przybyłowicz.
250 _aWyd. 3.
260 _aKielce :
_bWydaw. PŚ,
_c2004.
300 _c24 cm.
490 1 _aSkrypty / Politechnika Świętokrzyska,
_x0239-6386 ;
_vnr 406
504 _aIndeks.
650 9 _aMateriałoznawstwo
650 9 _aStal
_xobróbka cieplna
650 9 _aTechnologia
655 _aPodręczniki akademickie
700 1 _aPRZYBYŁOWICZ, Janusz
830 0 _aSkrypty (Politechnika Świętokrzyska) ;
_vnr 406
040 _cBPK
041 0 _apl
080 _a621.9+621.78+621.791/.795:66/69](075.8)
942 _cKS
008 s pl f |000 0 pol
999 _c44986
_d44986
856 _uhttp://koha.tu.koszalin.pl/cgi-bin/koha/opac-detail.pl?biblionumber=44986
_yKatalog online BPK